Регионална библиотека "Любен Каравелов" - Русе

Adagio fur Klarinette und streichquintett (Запис номер 352070)

MARC детайли
000 -Лидер
Контролно поле с фиксирана дължина 01319ncm a2200409 c 4500
003 - Код на организацията, давaща контролен номер
Контролно поле BLK
005 - Дата и час на последна редакция
Контролно поле 20240318113429.0
008 - Елементи от данни с фиксирана дължина
fixed length control field 180414b bul |a|er|||| |0| c|bulo|
010 ## - Наследен системен номер
LC control number NOT00003027000
040 ## - Източник на каталожния запис
Идентификатор на билиотеката - собственик на записа BLK
041 ## - Код за език
Код за езика на текст/звукозапис или на отделно заглавие Немски
Код за езика КДБФ Немски
080 ## - УДК
Текстов определител УДК Концерт за кларинет и оркестър
УДК код - определител по УДК 785.6:788.6
УДК - код + определител 785.6:788.6
080 ## - УДК
Текстов определител УДК Дуо кларинет и пиано
УДК код - определител по УДК 785.72:788.6:786.2
УДК - код + определител 785.72:788.6:786.2
100 1# - Редна дума - Автор
Автор Вагнер, Рихард
R(LIN) 44950
139 ## - Редно поле
Редна дума Вагнер, Рихард
Авторски знак Ваг - В 13
245 10 - Сведения за заглавието
Заглавие Adagio fur Klarinette und streichquintett
Подзаглавни данни Fur Klarinette und Klavier
Редно поле (дума) Richard Wagner.
254 ## - Сведения за формата на нотното издание
Формат на описваните ноти Клавир
257 ## - Страна на издаване
Страна на създаване/издаване Германия
260 ## - Област на издателските данни
Име на издателя, разпространителя и проч. Breitkopf & Hartel
Година на издаване s.a.
9 (RLIN) 402906
Място на издаване, разпространение и проч. Leipzig
300 ## - Физическа характеристика
Страници 5 с.
Размери/Мащаб 30 см
Съпровождащи материали 1 щим
380 ## - Жанр
Жанр Изкуство
490 ## - СЕРИИ (Колекции)
9 (RLIN) 402706
Име на серия Edition Peters
№: серия 4884
650 #4 - Допълнително описание по предмет – тема
Основно описание – тема или топоним Кларинет - концерти, концертини
9 (RLIN) 353187
653 ## - Ключова дума – ненормативна
Ключова дума кларинети
653 ## - Ключова дума – ненормативна
Ключова дума концерти
852 ## - Местоположение
Форматна сигнатура Цб М ІІ 3237
Част 0
Фондова буква Отдел Изкуство - подръчен фонд
856 4# - Електронен адрес и достъп
Електронен формат pdf - файл
Път до файла /url/
856 4# - Електронен адрес и достъп
Електронен формат pdf - файл
Път до файла /url/
999 ## - СИСТЕМНИ КОНТРОЛНИ НОМЕРА
Koha biblionumber 352070
Koha biblioitemnumber 352070
942 ## - АРТИКУЛИ
Вид на библиотечния материал Нотни издания
Скрит в OPAC Не
Периодичен библиозапис Да
944 ## - СЪЗДАВАНЕ И РЕДАКЦИЯ на ЗАПИСА
Създаване/Редакция Създаване
Дата на регистрацията/редакция 2020-04-07
Служител, извършил регистрацията/редакцията 30560
Статус, дата на статуса Геновева Генчева
999 ## - СИСТЕМНИ КОНТРОЛНИ НОМЕРА
Koha biblioitemnumber 352070
999 ## - СИСТЕМНИ КОНТРОЛНИ НОМЕРА
Koha biblioitemnumber 352070
999 ## - СИСТЕМНИ КОНТРОЛНИ НОМЕРА
Koha biblioitemnumber 352070
999 ## - СИСТЕМНИ КОНТРОЛНИ НОМЕРА
Koha biblioitemnumber 350500
999 ## - СИСТЕМНИ КОНТРОЛНИ НОМЕРА
Koha biblioitemnumber 350500
999 ## - СИСТЕМНИ КОНТРОЛНИ НОМЕРА
Koha biblioitemnumber 314616
Наличности
Код за отписване Код за изгубен артикул Източник на класификационната схема Код за повреда Коз за рестрикции Код за отдаване Артикулен № Име на библиотеката - собственик Име на библиотеката, в която се намира в момента Статус (Текущо местоположение) Дата на вписване в системата Местоположение - отдел Цена в лева Инвентарен номер Систематично азбучна сигнатура Баркод Цена в евро Служебен тип на артикула
  Не е изгубен Universal Decimal Classification Не е повреден без рестрикции заемане за дома 759381 Регионална библиотека "Любен Каравелов" Русе Регионална библиотека "Любен Каравелов" Русе Отдел Изкуство - подръчен фонд 2020-04-07 Отдел Изкуство - подръчен фонд 0.36 12863/64 788/В 13 Р 900000002910 0.18 Нотни издания
  Не е изгубен Universal Decimal Classification Не е повреден   ползва се в читалня 773311 Регионална библиотека "Любен Каравелов" Русе Регионална библиотека "Любен Каравелов" Русе Хранилище 2020-06-01 Основен фонд - ползва се само за читалня 0.36 9963/64 Цб М ІІ 3237 900000008514 0.18 Нотни издания
Vip Innovations Ltd, Rousse, Bulgaria 2025